Reglamento para el ceremonial diplomático de Chile
Uloženo v:
| Korporativní autor: | |
|---|---|
| Médium: | Kniha |
| Jazyk: | španělština |
| Vydáno: |
Santiago
Cervantes
1910
|
| Témata: | |
| Tagy: |
Přidat tag
Žádné tagy, Buďte první, kdo vytvoří štítek k tomuto záznamu!
|
MARC
| LEADER | 00000nam a2200000 a 4500 | ||
|---|---|---|---|
| 001 | UCR4215 | ||
| 003 | CL-VaPUC | ||
| 008 | 980307e19100000CL |||||||||||||||||spa|d | ||
| 082 | 0 | 4 | |a 341.33 |b MIN |2 21 |
| 110 | 2 | |a Ministerio de Relaciones Exteriores. República de Chile |e author |9 403967 | |
| 245 | 1 | 0 | |a Reglamento para el ceremonial diplomático de Chile |
| 300 | |a 20 p | ||
| 942 | |c BK | ||
| 945 | |d 19980307 00:00:00 |a cmena | ||
| 260 | |a Santiago |b Cervantes |c 1910 | ||
| 650 | 0 | |a Diplomacia |9 256483 | |
| 650 | 0 | |a Relaciones Internacionales |9 255740 | |
| 650 | 7 | |a LEGISLACION |2 CL-VaPUC |9 403968 | |
| 650 | 0 | |a Agentes diplomáticos |9 382260 | |
| 650 | 7 | |a DERECHO CONSULAR |2 CL-VaPUC |9 398254 | |
| 651 | 7 | |a CHILE |2 CL-VaPUC |9 403970 | |
| 583 | |a last modification |c 19980307 00:00:00 |k Rodrigo Vera | ||
| 999 | |c 267166 |d 267164 | ||
| 952 | |0 0 |1 0 |4 0 |6 341_330000000000000_MIN_1910 |7 0 |8 DER_HDC |9 299379 |a BIBDER |b BIBDER |d 2019-11-20 |i 1960199 |o 341.33 MIN 1910 |p 1960199 |r 2023-01-25 |w 2019-11-20 |x Ubicación 4to Piso |y BK_X |z Estos recursos deben solicitarse con anticipación |k DER | ||